000 00803nam a2200205 a 4500
008 071025s1998 ||||||||||||||||| || u
020 _a0821341995
050 _aIBRD(02)
110 _aInternational Finance Corporation (IFC)
245 1 4 _aThe Private sector and development: five case studies
260 _aWashington, D.C.
_bIFC
_c1998
300 _ax, 45p. : ill.
350 _a0.00
490 _aResults on the Ground
650 _aINTERNATIONAL FINANCE CORPORATION
650 0 _aFINANCE--DEVELOPING COUNTRIES
650 _aECONOMIC DEVELOPMENT PROJECTS--CASE STUDIES
650 _aBUSINESS ENTERPRISES--DEVELOPING COUNTRIES
995 _D0.00
_FCBU-MAIN LIBRARY (Kitwe)
_H1
_I0.00
_M1
_UAVAILABLE
_WOct 25, 2007
_ZAnnex Low-Usage Collection
999 _c54680
_d54680